| 000 | 00676nam a22002055i 4500 | ||
|---|---|---|---|
| 001 | 155429 | ||
| 003 | ES-MaACL | ||
| 005 | 20230906210054.0 | ||
| 008 | 040721s1867 gw |||| | eng d | ||
| 040 |
_aCAM _bspa _cCAM |
||
| 100 | 1 |
_aHeyse, Paul. _9127964 |
|
| 245 | 1 | 2 |
_aL'arrabiata and other tales / _cby Paul Heyse; from the german by Mary Wilson. |
| 260 |
_aLeipzig [etc] : _bBernhard Tauchnitz [etc], _c1867. |
||
| 300 |
_a274 p. ; _c16 cm. |
||
| 490 | 1 |
_aCollection of german authors ; _v7 |
|
| 700 | 1 | 1 |
_aWilson, Mary, _etrad. _9133941 |
| 830 | 0 |
_aCollection of german authors ; _v7 _9187880 |
|
| 852 |
_aES-MaACL _jG-11570 _z-- Enc. hol. |
||
| 999 |
_c155429 _d155429 |
||